000 00520cam a2200181 4500
001 D5962
008 090401t1953 xxu||||| |||| 00| 0 eng d
035 _a(Sirsi) u78215
041 _aeng
050 _a624.03
110 _aThe Institution of Civil Engineers
_91317
245 _aStandard method of measurement of civil engineering quantities (with metrication addendum)
260 _aLondon
_bInstitution of Civil Engineers
_c1953
300 _avi. 27p. 34cm
350 _a0.2
942 _n0
948 _c04/03/1997
999 _c96405
_d96405